00822nam a22002177a 4500003000500000005001700005008004100022010001000063011001000073035001100083040000900094100004800103245020400151260004000355300003200395502010400427650001800531650001600549650001200565650002700577CHAP20220329143431.0090714s2009 mx r 00010 spa d a96525 a97497 a108165 cCHAP1 aMartínez Bolaños, Maria Violeta Paloma.10aCompatibilidad de fungicidas y antibióticos con un aislamiento del hongo antagonista Trichoderma harzianum Rifai (Hypocreales: Hypocreaceae) in vitroc/por Maria Violeta Paloma Martínez Bolaños aChapingo, Méx. :bEl autor,c2009 axi, 71 h. :bcuadros, ilus. aTesis (Ing. agr. Esp. en Parasitologia Agricola) - UACH. Departamento de Parasitología Agrícola14aAntibioticos.14aFungicidas.14aHongos.14aTrichoderma harzianum.